The left in transition: the cuban revolution in US third world politics /

Kaydedildi:
Detaylı Bibliyografya
Yazar: Gronbeck-Tedesco, John A.
Materyal Türü: Metin
Etiketler: Etiketle
Etiket eklenmemiş, İlk siz ekleyin!

MARC

LEADER 00000 a a2200000 04500
001 47186
003
040
100 |a Gronbeck-Tedesco, John A.  
245 |a The left in transition:   |b the cuban revolution in US third world politics /  |c John A. Gronbeck-Tedesco  
773 |g volumen40, número4, (2008), páginas 651-673  
999 |c 34555  |d 34555